Angèle - Balance Ton Quoi (paroles) - Statistiques

Statistiques générales
  • Ce quiz a été pris 8 887 fois
  • Le résultat moyen est 220 sur 273
Statistiques - réponses
Paroles % Correct
à
97%
Balance
96%
ça
96%
De
96%
de
96%
quoi
96%
ton
96%
Le
95%
des
94%
la
94%
pas
94%
je
93%
Je
93%
parle
93%
Un
92%
les
91%
Les
91%
il
90%
mal
90%
te
90%
fille
89%
me
88%
Mais
87%
que
87%
Et
86%
et
86%
plus
86%
jour
85%
tu
85%
Tu
85%
comme
84%
si
84%
toutes
84%
Une
84%
une
84%
animaux
83%
qui
83%
tous
83%
Ils
82%
sais
82%
peut-être
81%
beau
80%
changera
80%
chattes
80%
faire
80%
2018
79%
parlent
79%
Pour
79%
pour
79%
qu'un
79%
radio
79%
suis
79%
animal
78%
est
78%
moi
78%
parles
78%
mes
77%
très
77%
(en... humhumhumhum)
76%
filles
76%
J'ai
76%
mode
76%
mots
76%
quand
76%
sont
76%
rap
75%
c'est
74%
chanter
74%
j'sais
74%
normal
74%
t'es
74%
Tes
74%
beaux
73%
compris
73%
D'aller
73%
Parce
73%
qu'il
73%
belle
72%
t'as
72%
c'qui
71%
fond
71%
qu'au
71%
bête
70%
Même
70%
mieux
70%
sale
70%
serait
70%
va
70%
frère
69%
laide
69%
problème
69%
toi
69%
aide
68%
j'passerai
68%
l'ouvre
68%
parents
68%
poèmes
68%
télé
68%
marche
67%
codes
66%
drôle
66%
laisse-moi
66%
Laisse-moi
66%
qu'le
66%
rien
66%
faudrait
64%
écrit
63%
casser
62%
t'faut
62%
bien
61%
disent
60%
vu
60%
Donc
59%
gens
59%
Oh
57%
p't'être
57%
Bah
56%
demi-mot
53%
polie
52%
t'abuses
48%
dans
45%
rue
43%
Y'a
39%
d'respect
35%
Ouais
33%
j's'rai
23%
Aucun quiz correspondant
Distribution des résultats
% des personnes avec chaque résultat
Percentile par nombre de réponses
Votre historique - résultats
Vous n’avez pas pris ce quiz